[Event "Bucaramanga Santander-ch"]
[White "Solano Trillos, Thaliana"]
[Black "Camacho Casalinas, Said Gabriel"]
[Site "Bucaramanga"]
[Round "8"]
[Result "1-0"]
[Date "2024.11.02"]
[WhiteElo "1621"]
[BlackElo "1526"]
[PlyCount "62"]
[EventDate "2024.10.29"]
[EventType "swiss"]
[EventRounds "9"]
[EventCountry "COL"]
[SourceTitle "CB45_2024"]
[Source "ChessBase"]
[SourceDate "2024.11.06"]
[SourceVersion "1"]
[SourceVersionDate "2024.11.06"]
[SourceQuality "1"]

1. d4 d5 2. c4 e6 3. Nc3 Nf6 4. cxd5 Nxd5 5. e4 Nxc3 6. bxc3 Bd7 7. Nf3 Be7 8. Bd3 0-0 9. h4 h6 10. e5 f6 11. Ng5 fxg5 12. Qh5 Be8 13. Qg4 Bf7 14. Qe4 g6 15. h5 Kg7 16. hxg6 Be8 17. Qg4 Bd7 18. Bc4 c5 19. f4 cxd4 20. f5 Rxf5 21. Qxd4 Nc6 22. Qg4 Rxe5+ 23. Be2 Qa5 24. Bb2 Ba3 25. Rd1 Rd5 26. Rxd5 Qxd5 27. c4+ Bxb2 28. cxd5 Ne5 29. Qb4 Ba1 30. 0-0 Nxg6 31. Qxb7 Bd4+ 1-0

[Event "Bucaramanga Santander-ch"]
[White "Silva Mago, Alvaro Francisco"]
[Black "Camacho Casalinas, Said Gabriel"]
[Site "Bucaramanga"]
[Round "2"]
[Result "1-0"]
[Date "2024.10.30"]
[WhiteElo "1873"]
[BlackElo "1526"]
[PlyCount "63"]
[EventDate "2024.10.29"]
[EventType "swiss"]
[EventRounds "9"]
[EventCountry "COL"]
[SourceTitle "CB45_2024"]
[Source "ChessBase"]
[SourceDate "2024.11.06"]
[SourceVersion "1"]
[SourceVersionDate "2024.11.06"]
[SourceQuality "1"]

1. e4 e5 2. f4 d6 3. Nf3 Nc6 4. Bc4 h6 5. 0-0 Nf6 6. Nc3 Be7 7. f5 0-0 8. Qe1 b6 9. d3 Bb7 10. Qg3 Kh8 11. Qh3 Ng8 12. g4 Nd4 13. Nxd4 exd4 14. Ne2 c5 15. Ng3 Bg5 16. f6 Bxc1 17. fxg7+ Kxg7 18. Raxc1 d5 19. exd5 Bxd5 20. Nf5+ Kh7 21. Rce1 Bxc4 22. dxc4 Qg5 23. Re5 Rae8 24. Nxh6 Qxh6 25. Rh5 Re3 26. Rxh6+ Nxh6 27. Qh5 Re4 28. g5 Re6 29. gxh6 Rg6+ 30. Kh1 Rfg8 31. Rxf7+ Kh8 32. Qe5+ 1-0